000 00567ntaaa2200205 4500
003 01
005 20251027201728.0
008 0714s1973 ag 01
040 _aAR-BaBN
_bspa
_cAR-BaBN
_eaacr
_dRIC
082 _a234.4000 H18
100 _aHammond, T.C.
_914395
245 _aThe new creation
250 _a1 ed.
260 _aLondon :
_bMarshall, Morgan Scott,
_c1953
300 _a192 p
500 _aRegeneración, justificación, santificación, y glorificación
650 _aregeneración
_915125
650 _ateología-regeneración
_915825
942 _cBK
999 _c11938
_d11938